Zodpovedne v každom chotári Celoslovenský aktív vedúcich pracovníkov poľnohospodársko-potravinárskeho komplexu

Bibliographic Details
Main Author: Fašung, Eduard (Author)
Format: Article
Language:Slovak
Subjects:

MARC

LEADER 00000nab a2200000 a 4500
001 vtls000034967
003 SK-MaSNL
005 20260303200750.0
008 111103c1979 xo 0 slo
015 |a SNBRB19rr/mm-uuuuu 
035 |a CL0045062 
040 |a SNKBUCL  |b slo  |c SNKBUCL  |e AACR2 
041 0 |a slo 
044 |a xo  |c SK 
080 |a 631  |2 1981 
080 |a 633/665  |2 1981 
100 1 |a Fašung, Eduard  |4 aut  |9 270365 
245 1 0 |a Zodpovedne v každom chotári  |b Celoslovenský aktív vedúcich pracovníkov poľnohospodársko-potravinárskeho komplexu  |c Eduard Fašung 
650 0 7 |a poľnohospodárstvo  |2 snkbucl  |9 679 
650 0 7 |a potravinársky priemysel  |2 snkbucl  |9 974 
650 0 7 |a vedúci pracovníci  |2 snkbucl  |9 59720 
651 7 |a 5206  |2 snkbucl  |9 283253 
655 7 |a články z novín a časopisov  |2 snkbucl  |9 267496 
773 0 |t Pravda  |g Roč. 60, č. 188 (11. 8. 1979), s. 1-2 
850 |a Slovenská národná knižnica v Martine  |a MTA001 
852 |a SNK  |b KIS3GCP 
958 |a RK 
992 |a RBX 
999 |c 2169613  |d 2171543